| 000 | 00623cam a22002054a 4500 | ||
|---|---|---|---|
| 005 | 20250605164028.0 | ||
| 008 | 250528s ||||||||||||||||||||||||d | ||
| 035 | _a16520 | ||
| 020 | _a571193080 | ||
| 040 |
_aGR-AtMCL _bgre _dGR-AtMCL _eAACR2 |
||
| 245 | 1 | _aGetting Back Brahms / By the Bestselling author of Aunt Margaret's Lover and Sleeping Beauties | |
| 250 | _a1st | ||
| 260 |
_bFaber And Faber, _c1997 |
||
| 300 | _a262 | ||
| 520 | _aA brilliant and topical comedy of errors by one of today's most gifted comic writers. | ||
| 700 | 1 |
_aCheek Mavis _92620 |
|
| 942 | _cBK | ||
| 999 |
_c2014 _d2014 |
||